LEADER 01579nas 2200481- 450 001 9910303548503321 005 20210903213021.0 035 $a(DE-599)ZDB2824107-1 035 $a(OCoLC)907930662 035 $a(CKB)991042746850074 035 $a(CONSER)--2021244775 035 $a(EXLCZ)99991042746850074 100 $a20150423b19791983 --- - 101 0 $afre 135 $aurcn||||||||| 181 $ctxt$2rdacontent 182 $cc$2rdamedia 183 $acr$2rdacarrier 200 10$aBulletin mensuel /$fAntenne française de sinologie à Hong Kong 210 1$aHong Kong :$cAntenne française de sinologie à Hong Kong,$d1979-1983. 215 $a1 online resource 311 $a0255-5336 531 0 $aBull. mens. (Antenne fr. sinol. Hong Kong. En ligne) 606 $aPolitics and government$2fast$3(OCoLC)fst01919741 606 $aEducation$2fast$3(OCoLC)fst00902499 606 $aSinologia$2dbn 607 $aChina$vPeriodicals 607 $aChina$xPolitics and government$y1976-$vPeriodicals 607 $aChina$xStudy and teaching$zChina$zHong Kong$vPeriodicals 607 $aChina$2fast 607 $aChina$zHong Kong$2fast 608 $aPeriodicals.$2fast 608 $aPeriodicals.$2lcgft 608 $aCzasopismo spo?eczno-polityczne.$2dbn 615 7$aPolitics and government. 615 7$aEducation. 615 7$aSinologia. 676 $a951.005 712 02$aAntenne française de sinologie à Hong Kong, 906 $aJOURNAL 912 $a9910303548503321 996 $aBulletin mensuel$92049308 997 $aUNINA LEADER 03784oam 2200661zu 450 001 9910131261103321 005 20210807004958.0 010 $a2-8218-4465-4 024 7 $a10.4000/books.ifea.4567 035 $a(CKB)3710000000420129 035 $a(SSID)ssj0001524621 035 $a(PQKBManifestationID)12635724 035 $a(PQKBTitleCode)TC0001524621 035 $a(PQKBWorkID)11483936 035 $a(PQKB)11039318 035 $a(FrMaCLE)OB-ifea-4567 035 $a(oapen)https://directory.doabooks.org/handle/20.500.12854/53568 035 $a(PPN)189309210 035 $a(oapen)doab53568 035 $a(EXLCZ)993710000000420129 100 $a20160829d2003 uy 101 0 $aspa 135 $auu||||||m|||| 181 $ctxt 182 $cc 183 $acr 200 00$aMiradas cruzadas en el niño : un enfoque interdisciplinario para la salud, el crecimiento y el desarrollo del niño en Bolivia y Perú 210 $cInstitut français d?études andines$d2003 210 31$a[Place of publication not identified]$cPlural Editores$d2003 215 $a1 online resource (508 p.) 300 $aBibliographic Level Mode of Issuance: Monograph 311 08$a99905-75-10-X 330 $aEn la mayoría de los países del Sur raras veces se aborda la salud infantil de manera global. Frecuentemente, es objeto de intervenciones disociadas unas de otras (promoción del crecimiento, atención curativa y preventiva, alimentación) y sin concertación entre los diferentes actores responsables (madres, personal de salud, entorno). Esta situación conduce a una escasa eficacia en los cuidados impartidos y a la recurrencia de determinados problemas de salud. Partiendo de esta constatación, equipos belgas, bolivianos, franceses y peruanos especializados en salud pública, socioantropología y nutrición han realizado una investigación-acción orientada a definir, promover y aplicar un enfoque global y comprensible de la salud, el crecimiento y desarrollo del niño menor de cinco años en Bolivia y Perú. En estos dos países, que atraviesan profundas reformas en salud, el enfoque pretende lograr un equilibrio entre la prevención y cuidados curativos y la consideración del rol de los responsables del niño; en la medida en que está orientado hacia una mayor implicación de los usuarios del sistema de salud y de los profesionales en salud infantil, la complementariedad entre ambos es fundamental. En esta obra, la dinámica de la investigación, sus principales resultados e implicaciones operacionales son presentados de manera tal que del conjunto del proceso realizado se pueda rescatar lecciones de forma global, comprensible y desde una perspectiva interdisciplinaria. Esta publicación se dirige a investigadores y a actores en el ámbito de la salud y del desarrollo interesados en la promoción y el seguimiento de la salud del niño. 606 $aChild Welfare 606 $aChild Health Services 606 $aChild Development 607 $aBolivia 607 $aPeru 610 $aBolivie 610 $adéveloppement 610 $apolitique 610 $apédiatrie 610 $asanté 610 $aenfant 610 $ahygiène 610 $aPérou 615 12$aChild Welfare. 615 22$aChild Health Services. 615 22$aChild Development. 676 $a362.198/92 702 $aSuremain$b Charles-Edouard de 712 02$aInstitut français d'études andines 712 02$aInstitut de recherche pour le développement (France) 801 0$bPQKB 906 $aBOOK 912 $a9910131261103321 996 $aMiradas cruzadas en el niño : un enfoque interdisciplinario para la salud, el crecimiento y el desarrollo del niño en Bolivia y Perú$92055113 997 $aUNINA LEADER 03437oam 2200685I 450 001 9910959992103321 005 20251117084642.0 010 $a1-136-32166-7 010 $a1-283-58698-3 010 $a9786613899439 010 $a0-203-12051-5 010 $a1-136-32167-5 024 7 $a10.4324/9780203120514 035 $a(CKB)2670000000237942 035 $a(EBL)1016102 035 $a(OCoLC)810278423 035 $a(SSID)ssj0000742167 035 $a(PQKBManifestationID)11421361 035 $a(PQKBTitleCode)TC0000742167 035 $a(PQKBWorkID)10743513 035 $a(PQKB)11462829 035 $a(MiAaPQ)EBC1016102 035 $a(Au-PeEL)EBL1016102 035 $a(CaPaEBR)ebr10596367 035 $a(CaONFJC)MIL389943 035 $a(FINmELB)ELB135613 035 $a(EXLCZ)992670000000237942 100 $a20180706e20121979 uy 0 101 0 $aeng 135 $aur|n|---||||| 181 $ctxt 182 $cc 183 $acr 200 00$aWomen writing and writing about women /$fedited by Mary Jacobus 205 $a1st ed. 210 1$aLondon ;$aNew York :$cRoutledge,$d2012. 215 $a1 online resource (200 p.) 225 0 $aRoutledge library editions. Women, feminism and literature ;$vv. 7 300 $a"Originally delivered as lectures at Oxford during the summer of 1978 under the general heading 'Women and literature'"--Preface. 300 $aFirst published in 1979 by Croom Helm. 311 08$a0-415-75232-9 311 08$a0-415-52169-6 320 $aIncludes bibliographical references and index. 327 $aFront Cover; New: Women Writing and Writing about Women; New: Copyright Page; Old: Women Writing and Writing about Women; Old: Copyright Page; Contents; Preface and Acknowledgements; The Difference of View: Mary Jacobus; 1. Towards a Feminist Poetics: Elaine Showalter; 2. The Buried Letter: Feminism and Romanticism in Villette: Mary Jacobus; 3. The Indefinite Disclosed: Christina Rossetti and Emily Dickinson Cora Kaplan; 4. Beyond Determinism: George Eliot and Virginia Woolf: Gillian Beer; 5. Sue Bridehead and the New Woman: John Goode; 6. Ibsen and the Language of Women: Inga-Stina Ewbank 327 $a7. Poetry and Conscience: Russian Women Poets of the Twentieth Century: Elaine Feinstein8. Writing as a Woman: Anne Stevenson; 9. Feminism, Film and the Avant-garde: Laura Mulvey; Index 330 $aThis innovative collection of contemporary essays in feminist literary criticism provides a spectrum of approaches and positions, united by their common focus on writing by and about women. Spanning the novel, poetry, drama, film and criticism, the contributors emphasise some of the problems of theory and practice posed by writing as a woman and by women's representation in literature. The subjects of individual essays range from the nineteenth and twentieth century novel to avant-garde film, and from Victorian women poets to Russian women poets of today. Drawing on discipli 410 0$aRoutledge library editions.$pWomen, feminism and literature. 606 $aWomen and literature 615 0$aWomen and literature. 676 $a809.89287 676 $a809.933522 676 $a809/.89287 702 $aJacobus$b Mary 801 0$bMiAaPQ 801 1$bMiAaPQ 801 2$bMiAaPQ 906 $aBOOK 912 $a9910959992103321 996 $aWomen writing and writing about women$9490834 997 $aUNINA